000 00398nam a22001697a 4500
005 20160629125548.0
008 160629b xxu||||| |||| 00| 0 eng d
020 _a81-203-1415-8
041 _aeng
082 _b10838
100 _aKlopp, Hap and Tracy Brian
_93184
245 _aGuide to Business Management
260 _bPHI
_c1998
300 _a256
650 _aManagement
_9241
942 _cBK
999 _c4678
_d4676